MARC

LEADER 00000nam0a2200000 4500
001 310324
005 20231102002257.0
035 |a (RuTPU)RU\TPU\book\335673 
035 |a RU\TPU\book\52880 
090 |a 310324 
100 |a 20151124d1961 k y0rusy50 ca 
101 0 |a rus 
102 |a RU 
105 |a a z 001zy 
200 1 |a Строительство ядерных установок  |f А. Н. Комаровский 
210 |a Москва  |a Ленинград  |c Госэнергоиздат  |d 1961 
215 |a 336 с.  |c ил. 
320 |a Библиогр. в конце гл. 
606 1 |a Ядерные реакторы  |x Постройка  |2 stltpush  |3 (RuTPU)RU\TPU\subj\21662  |9 46618 
610 1 |a строительные материалы 
610 1 |a защита 
610 1 |a излучения 
610 1 |a ускорители 
610 1 |a биологическая защита 
610 1 |a бетоны 
610 1 |a свойства 
610 1 |a проектирование 
610 1 |a экономическая целесообразность 
610 1 |a строительные конструкции 
610 1 |a тепловая защита 
610 1 |a водяная защита 
610 1 |a стационарные реакторы 
610 1 |a здания 
610 1 |a сборно-монолитные конструкции 
610 1 |a бетонные конструкции 
610 1 |a радиоактивные отходы 
610 1 |a хранилища 
610 1 |a защитные оболочки 
610 1 |a схемы 
610 1 |a размеры 
610 1 |a строительно-монтажные работы 
610 1 |a нормы 
610 1 |a правила 
610 1 |a характеристики 
675 |a 621.039.5:69  |v 3 
700 1 |a Комаровский  |b А. Н.  |g Александр Николаевич 
801 1 |a RU  |b 63413507  |c 20030417  |g PSBO 
801 2 |a RU  |b 63413507  |c 20151225  |g PSBO 
900 |a Основы проектирования и анализ уязвимости физической защиты ядерного объекта 
942 |c BK